000 00399cam a22001217a 4500
008 180718b1991 xxu||||| |||| 00| 0 eng d
082 _aAPPPA 90-91 RAY
100 _aRay, N.B.
245 _aBudgeting in Indian defence estates service organisation
_cby N.B. Ray
260 _aNew Delhi
_bIndian Institute of Public Administration
_c1991
300 _a148p.
650 _aBudgeting-Indian defence estates
999 _c501551
_d501551